000 00436nam a22001697a 4500
003 NUST - PNEC
005 20170116180906.0
008 150902b xxu||||| |||| 00| 0 eng d
020 _a-
040 _cLIBRARY
082 _a620.11 SMI
100 _96648
_aSmith, William F.
245 _aIntroduction of materials science and engineering
_cWilliam F. Smith
260 _c-
650 _96653
_aMaterials science
942 _2ddc
_cBK
999 _c65095
_d65095